[Event "Famalicao op 6th"]
[Site "Famalicao"]
[Date "2018.08.03"]
[Round "8"]
[White "Carvalho, Pedro Vieira De"]
[Black "Marrios, Ruben"]
[Result "0-1"]
[WhiteElo "1082"]
[BlackElo "1417"]
[PlyCount "46"]
[EventDate "2018.07.29"]
[EventType "swiss"]
[EventRounds "9"]
[EventCountry "POR"]
[SourceTitle "CBM 185 Extra"]
[Source "ChessBase"]
[SourceDate "2018.07.29"]
[SourceVersion "1"]
[SourceVersionDate "2018.07.29"]
[SourceQuality "1"]

1. e4 c5 2. Nf3 Nc6 3. d4 cxd4 4. Nxd4 Nf6 5. Nc3 e5 6. Nf3 d6 7. Bg5 Be7 8. Bb5 0-0 9. Qd2 a6 10. Ba4 b5 11. Bb3 Qd7 12. Nh4 b4 13. Nd5 Nxe4 14. Nb6 Nxd2 15. Nxd7 Nxb3 16. Bxe7 Nxe7 17. Nb6 Nxa1 18. Nxa8 Nxc2+ 19. Kd2 Bb7 20. Kxc2 Rxa8 21. Rd1 d5 22. Kb3 e4 23. Kxb4 g5 0-1

[Event "Gaia Profigaia op 18th"]
[Site "Vila Nova de Gaia"]
[Date "2018.06.30"]
[Round "5"]
[White "Pereira, Nuno Fafiaes"]
[Black "Marrios, Ruben"]
[Result "0-1"]
[WhiteElo "1173"]
[BlackElo "1417"]
[PlyCount "38"]
[EventDate "2018.06.27"]
[EventType "swiss"]
[EventRounds "7"]
[EventCountry "POR"]
[SourceTitle "CBM 185 Extra"]
[Source "ChessBase"]
[SourceDate "2018.07.29"]
[SourceVersion "1"]
[SourceVersionDate "2018.07.29"]
[SourceQuality "1"]

1. e4 c5 2. Nf3 Nc6 3. d4 cxd4 4. Nxd4 Nf6 5. Nc3 e5 6. Nf3 d6 7. Bb5 a6 8. Ba4 b5 9. Bb3 Bg4 10. Bg5 Be7 11. Nd5 Bxf3 12. gxf3 0-0 13. Nxe7+ Qxe7 14. Qd3 Nd4 15. Bd5 Rac8 16. c3 Ne6 17. Qd2 Nxg5 18. Qxg5 Nxd5 19. Qg3 Nf4 0-1

[Event "Gaia Profigaia op 18th"]
[Site "Vila Nova de Gaia"]
[Date "2018.06.28"]
[Round "2"]
[White "Sismeiro, Miguel"]
[Black "Marrios, Ruben"]
[Result "1-0"]
[WhiteElo "1864"]
[BlackElo "1417"]
[PlyCount "111"]
[EventDate "2018.06.27"]
[EventType "swiss"]
[EventRounds "7"]
[EventCountry "POR"]
[SourceTitle "CBM 185 Extra"]
[Source "ChessBase"]
[SourceDate "2018.07.29"]
[SourceVersion "1"]
[SourceVersionDate "2018.07.29"]
[SourceQuality "1"]

1. e4 c5 2. Nf3 Nc6 3. d4 cxd4 4. Nxd4 Nf6 5. Nc3 e5 6. Ndb5 d6 7. Bg5 a6 8. Na3 Be6 9. Bxf6 gxf6 10. Nc4 b5 11. Ne3 Bg7 12. g3 Ne7 13. Bg2 0-0 14. 0-0 Qd7 15. Ncd5 Rab8 16. Qf3 Bxd5 17. Nxd5 Nxd5 18. exd5 Rbc8 19. Qh5 Qc7 20. Be4 h6 21. Qf5 Rfe8 22. Rfd1 Qc5 23. c3 Qb6 24. Rd3 b4 25. cxb4 Qxb4 26. Rb3 Qa5 27. Qd7 Rcd8 28. Qc6 Re7 29. Qb6 Qxb6 30. Rxb6 Ra7 31. b4 Bf8 32. Rc1 Kg7 33. Rcc6 a5 34. b5 Rdd7 35. Bf5 Rdb7 36. Rxb7 Rxb7 37. Bc8 Rxb5 38. Rc7 Rxd5 39. Be6 Rd1+ 40. Kg2 Kg6 41. Rxf7 Bg7 42. g4 d5 43. Rd7 d4 44. Bf5+ Kg5 45. Rxg7+ Kf4 46. Rg6 Rd2 47. Rxf6 e4 48. Bc8+ Kg5 49. Rf5+ Kxg4 50. Rxa5+ Kh4 51. Kf1 Rc2 52. Bf5 Rc1+ 53. Kg2 d3 54. Bxe4 d2 55. Bf3 d1Q 56. Rh5# 1-0

[Event "Gaia Profigaia op 17th"]
[Site "Vila Nova de Gaia"]
[Date "2017.06.18"]
[Round "7"]
[White "Marrios, Ruben"]
[Black "Antao, Jorge"]
[Result "1/2-1/2"]
[WhiteElo "1315"]
[BlackElo "1873"]
[PlyCount "88"]
[EventDate "2017.06.14"]
[EventType "swiss"]
[EventRounds "7"]
[EventCountry "POR"]
[SourceTitle "CBM 179 Extra"]
[Source "ChessBase"]
[SourceDate "2017.08.23"]
[SourceVersion "1"]
[SourceVersionDate "2017.08.23"]
[SourceQuality "1"]

1. d4 Nf6 2. c4 e6 3. e3 d5 4. Nc3 Be7 5. Bd3 0-0 6. Nge2 Nbd7 7. 0-0 b6 8. Qc2 dxc4 9. Bxc4 Bb7 10. Bd3 c5 11. Rd1 Rc8 12. Qb3 a6 13. a4 Qc7 14. Qa2 Bd6 15. g3 Bf3 16. Bxa6 Ra8 17. Bd3 Be7 18. b3 e5 19. Nb5 Qc8 20. Ba3 Rd8 21. Bf5 Qc6 22. Rac1 Ng4 23. dxc5 Qh6 24. Bxg4 Bxg4 25. c6 Bxa3 26. Nxa3 Bf3 27. h4 Bxc6 28. Nc3 g5 29. Ne2 gxh4 30. gxh4 Kh8 31. Rc4 Nc5 32. Qc2 Bf3 33. Rxd8+ Rxd8 34. Ng3 Rd1+ 35. Kh2 e4 36. Rxe4 Rh1+ 37. Nxh1 Bxe4 38. Qc3+ Kg8 39. Ng3 Qxh4+ 40. Kg1 Bf3 41. Nc2 Bb7 42. Qe5 Qg4 43. Qe8+ Kg7 44. Qe5+ Kg8 1/2-1/2

[Event "Gaia Profigaia op 17th"]
[Site "Vila Nova de Gaia"]
[Date "2017.06.17"]
[Round "5"]
[White "Marrios, Ruben"]
[Black "Carvalho, Joao Miguel"]
[Result "1-0"]
[WhiteElo "1315"]
[BlackElo "1139"]
[PlyCount "91"]
[EventDate "2017.06.14"]
[EventType "swiss"]
[EventRounds "7"]
[EventCountry "POR"]
[SourceTitle "CBM 179 Extra"]
[Source "ChessBase"]
[SourceDate "2017.08.23"]
[SourceVersion "1"]
[SourceVersionDate "2017.08.23"]
[SourceQuality "1"]

1. d4 d5 2. c4 Nf6 3. Nc3 e6 4. e3 Bb4 5. Bd3 0-0 6. Nge2 b6 7. a3 Bxc3+ 8. Nxc3 Bb7 9. 0-0 c5 10. cxd5 exd5 11. Ne2 Ng4 12. Qc2 Qh4 13. h3 c4 14. Bxh7+ Qxh7 15. Qxh7+ Kxh7 16. hxg4 Ba6 17. Nc3 Rd8 18. Re1 Bc8 19. f3 Nc6 20. Bd2 Ne7 21. Kf2 Kg6 22. e4 f6 23. e5 Nc6 24. exf6 Kxf6 25. Be3 Rf8 26. Nxd5+ Kg6 27. Kg3 Be6 28. Nc7 Bg8 29. Nxa8 Rxa8 30. Rad1 Ne7 31. f4 Rf8 32. f5+ Kf7 33. Bg5 Nd5 34. Re5 Nf6 35. d5 Rd8 36. d6 Bh7 37. Re7+ Kg8 38. Bxf6 gxf6 39. d7 Kf8 40. Rxh7 Kg8 41. Re7 Kf8 42. Re8+ Rxe8 43. dxe8Q+ Kxe8 44. Kf4 Kf7 45. g5 fxg5+ 46. Kxg5 1-0

[Event "Gaia Profigaia op 17th"]
[Site "Vila Nova de Gaia"]
[Date "2017.06.16"]
[Round "4"]
[White "Dias, Jose Oliveira Gaspa"]
[Black "Marrios, Ruben"]
[Result "1-0"]
[WhiteElo "1672"]
[BlackElo "1315"]
[PlyCount "29"]
[EventDate "2017.06.14"]
[EventType "swiss"]
[EventRounds "7"]
[EventCountry "POR"]
[SourceTitle "CBM 179 Extra"]
[Source "ChessBase"]
[SourceDate "2017.08.23"]
[SourceVersion "1"]
[SourceVersionDate "2017.08.23"]
[SourceQuality "1"]

1. Nf3 Nc6 2. c4 Nf6 3. d4 e6 4. Nc3 Bb4 5. Qc2 d5 6. Bg5 h6 7. Bh4 g5 8. Bg3 g4 9. Ne5 Nxd4 10. Qd3 Nf5 11. 0-0-0 Bxc3 12. Qxc3 Ne4 13. Qe1 Nfxg3 14. Nxf7 Kxf7 15. hxg3 1-0

[Event "Gaia Profigaia op 8th"]
[Site "Vila Nova de Gaia"]
[Date "2015.06.28"]
[Round "4"]
[White "Fernandes, Tiago Saraiva"]
[Black "Marrios, Ruben"]
[Result "1-0"]
[WhiteElo "1719"]
[BlackElo "1364"]
[PlyCount "81"]
[EventDate "2015.06.27"]
[EventType "swiss"]
[EventRounds "9"]
[EventCountry "POR"]
[SourceTitle "EXT 2018"]
[Source "ChessBase"]
[SourceDate "2017.10.13"]
[SourceVersion "1"]
[SourceVersionDate "2017.10.13"]
[SourceQuality "1"]

1. e4 c5 2. Nf3 Nc6 3. Bb5 d6 4. 0-0 e5 5. h3 Nf6 6. Re1 g6 7. c3 Bg7 8. d4 cxd4 9. cxd4 Nd7 10. d5 Ne7 11. Be3 a6 12. Ba4 b5 13. Bc2 0-0 14. Qd2 Re8 15. Nc3 Bb7 16. a3 Nc8 17. Ne2 Ncb6 18. b3 Rc8 19. Rac1 Nf6 20. Ng3 Nbd7 21. Bg5 Qe7 22. h4 h5 23. Nf1 Qf8 24. Ng3 Nh7 25. Be3 Qe7 26. Ne2 Ndf6 27. Nh2 Qd7 28. f3 Qe7 29. Kh1 Nd7 30. g3 f6 31. Rg1 Rf8 32. g4 hxg4 33. Nxg4 Qf7 34. Ng3 Rc7 35. Nf5 Kh8 36. Nxg7 Qxg7 37. Bh6 Qf7 38. Bxf8 Ndxf8 39. Nh6 Qg7 40. Bd3 Rd7 41. Rg2 1-0